00845nam a22002297a 4500003000500000005001700005008004100022010001100063011001100074035001100085040000900096100002700105245012700132260004000259500006000299502011800359650002000477650002000497650001800517856006400535856001600599CHAP20220329143839.0120110s2011 mx r 00010 spa d a102714 a103686 a114375 cCHAP1 aArredondo Lugo, Silvia10aHimenópteros parasitoides asociados a plagas de maíz forrajero (Zea mays L.)h[En línea]c/por Silvia Arredondo Lugo aBermejillo, Dgo. :bEl autor,c2011 aPara ver el contenido del material haga clic en la liga aTesis (Ing. Agr. en Sistemas Agricolas de Zonas Áridas -- UACH. Unidad Regional Universitaria de Zonas Áridas14aHimenópteros.14aMaízxPlagas.14aParasitoides. 3Finding aiduhttp://10.13.5.2/tesis/114375.pdfzTeclea aqui a1 n0000550